States of fragility 2015 meeting post-2015 ambitions
Salvato in:
| Natura: | Libro |
|---|---|
| Lingua: | inglese |
| Pubblicazione: |
Paris
OECD
2015
|
| Soggetti: | |
| Tags: |
Nessun Tag, puoi essere il primo ad aggiungerne!!
|
MARC
| LEADER | 00000nam a2200000 4500 | ||
|---|---|---|---|
| 001 | 0210888 | ||
| 005 | 20240314123514.8 | ||
| 020 | |a 978-92-64-22178-9 | ||
| 041 | 0 | |a eng | |
| 044 | |a FR | ||
| 245 | 1 | 0 | |a States of fragility 2015 |b meeting post-2015 ambitions |
| 264 | 1 | |a Paris |b OECD |c 2015 | |
| 300 | |a 120 s. | ||
| 610 | 2 | 0 | |a krajiny rozvojové |
| 610 | 2 | 0 | |a programy rozvojové |
| 610 | 2 | 0 | |a redukcia chudoby |
| 610 | 2 | 0 | |a bariéry rastu hospodárskeho |
| 610 | 2 | 0 | |a bariéry inovačné |
| 610 | 2 | 0 | |a problémy globálne |
| 610 | 2 | 0 | |a problémy spoločenské |
| 610 | 2 | 0 | |a porovnanie medzinárodné |